| 000 | 01371cam a22003374a 4500 | ||
|---|---|---|---|
| 999 |
_c332139 _d332139 |
||
| 001 | 14347553 | ||
| 003 | NUST | ||
| 005 | 20171115101442.0 | ||
| 008 | 060420s2007 flua b 001 0 eng | ||
| 010 | _a 2006040585 | ||
| 015 |
_aGBA674991 _2bnb |
||
| 016 | 7 |
_a013542118 _2Uk |
|
| 020 | _a0849375746 (alk. paper) | ||
| 020 | _a9780849375743 (alk. paper) | ||
| 035 | _a(OCoLC)ocm68192564 | ||
| 035 | _a(OCoLC)68192564 | ||
| 040 |
_aDLC _cDLC _dBAKER _dUKM _dC#P _dDLC |
||
| 042 | _apcc | ||
| 050 | 0 | 0 |
_aTD1060 _b.H36 2007 |
| 082 | 0 | 0 |
_a628.42 WAN _222 |
| 245 | 0 | 0 |
_aHazardous industrial waste treatment / _cEdited by Lawrence K. Wang ... [et al.]. |
| 260 |
_aBoca Raton, FL : _bCRC/Taylor & Francis, _cc2007. |
||
| 300 |
_aix, 516 p. : _bill. ; _c26 cm. |
||
| 500 | _aH.B | ||
| 504 | _aIncludes bibliographical references and index. | ||
| 650 | 0 |
_aHazardous wastes _xManagement. _96365 |
|
| 650 | 0 |
_aHazardous waste site remediation. _96370 |
|
| 650 | 0 |
_aFactory and trade waste. _96371 |
|
| 700 | 1 |
_aWang, Lawrence K. _96167 |
|
| 856 | 4 | 2 |
_3Publisher description _uhttp://www.loc.gov/catdir/enhancements/fy0654/2006040585-d.html |
| 906 |
_a7 _bcbc _corignew _d1 _eocip _f20 _gy-gencatlg |
||
| 942 |
_2ddc _cBK _kIESE |
||